000 00814nam a22002652 4500
999 _c7292
_d7292
001 7292
003 UkOxU
005 20180303205301.0
008 850426s1964 enk 001 0 eng d
035 _aOCLC ocm11966839 from D970310M
040 _aGZO
_cGZO
_dUKM
_dEQO
041 _aeng
082 0 4 _a820.9
_218
_bWAR 1964
090 _aPE1408
_b.W37 1964
100 1 _aWarner, Alan,
_d1912-
245 1 2 _aA short guide to English style /
_c[by] Alan Warner.
260 _aLondon :
_bEnglish Language Book Society and Oxford University Press,
_c1964.
300 _aviii, 198 p. :
_c22 cm.
490 0 _aAids to English series
504 _aIncludes bibliography and index.
650 0 _aEnglish language
_xRhetoric.
650 0 _aEnglish language
_xComposition and exercises.
942 _2ddc
_cBK